| 000 | nam a22 a 4500 | ||
|---|---|---|---|
| 999 |
_c3135 _d3135 |
||
| 003 | AKMAL | ||
| 005 | 20170519122759.0 | ||
| 008 | 170519s1983 -usa g a 000 0 eng d | ||
| 040 | _cAKMAL | ||
| 082 | 0 | 4 |
_a658.3 HEN _219 |
| 090 |
_a658.3 _bHEN |
||
| 245 | 0 | 0 |
_aPersonnel/human resource management / _cHerbert G. Heneman III |
| 250 | _a3rd ed | ||
| 260 |
_aHomewood, Ill. : _bR.D. Irwin, _c1986 |
||
| 300 | 0 | 0 |
_axviii, 745 p. : _bill. (some col.) ; _c24 cm |
| 440 | 4 |
_aThe Irwin series in management and the behavioral sciences _96478 |
|
| 504 | _aIncludes bibliographical references and indexes | ||
| 650 | 0 |
_aPersonnel management _9602 |
|
| 700 | 1 |
_aHeneman, Herbert Gerhard, _d1944- _96479 |
|
| 942 |
_2ddc _cBOOK |
||